000 00662nam a2200277Ia 4500
005 20260324122939.0
008 008 260324s9999 xx 000 0 eng d
020 _a9780203802984
037 _aEBOOK
040 _aCRL
040 _beng
040 _cCRL
041 _2eng
041 _aeng
084 _qCRL
100 _aWendy Ryden; Ian Marshall
_91168445
245 0 _aReading, Writing, and the Rhetorics of Whiteness
260 _bTaylor and Francis
260 _c2012
365 _a
365 _b255
856 _uhttp://www.taylorfrancis.com/books/9780203802984
942 _cEBOOK
999 _c1761539
_d1761539